[Event "IECC P-4473"]
[Site "IECC email"]
[Date "2008.08.17"]
[Round "?"]
[White "Araya, Gilberto"]
[Black "Mauro, Danilo"]
[Result "0-1"]
[WhiteElo "1533"]
[BlackElo "1585"]
[PlyCount "110"]
[EventDate "2008.??.??"]
[EventType "match (corr)"]
[SourceTitle "Corr 2013"]
[Source "ChessBase"]
[SourceDate "2012.11.12"]
[SourceVersion "1"]
[SourceVersionDate "2012.11.12"]
[SourceQuality "1"]
[WhiteTeam "US of America"]
[BlackTeam "Australia"]
[WhiteTeamCountry "USA"]
[BlackTeamCountry "AUS"]

1. d4 Nf6 2. c4 g6 3. Nc3 d5 4. cxd5 Nxd5 5. e4 Nxc3 6. bxc3 Bg7 7. Nf3 c5 8. Bc4 Nc6 9. Be3 0-0 10. 0-0 Bg4 11. e5 Bxf3 12. Qxf3 cxd4 13. cxd4 Nxd4 14. Qxb7 Bxe5 15. Rad1 Qd6 16. Qe4 Rad8 17. Kh1 Bg7 18. Rd3 e5 19. Rfd1 Qc7 20. Rc1 Rb8 21. Bb3 Qd7 22. f4 Rxb3 23. axb3 f5 24. Rxd4 exd4 25. Qd3 Qd5 26. Bf2 a5 27. Rc4 Rd8 28. Rc7 Bf6 29. Qa6 Rf8 30. Rc6 Kg7 31. Qb6 Qe4 32. Rc7+ Rf7 33. Qxa5 Qxf4 34. Rxf7+ Kxf7 35. Qd5+ Kg7 36. Bg1 Qe4 37. Qc5 d3 38. Be3 g5 39. Bd2 f4 40. h3 f3 41. Qf2 Qe2 42. Kg1 Qd1+ 43. Be1 fxg2 44. Kxg2 Qxb3 45. Bd2 Kg6 46. Qe3 Qd5+ 47. Qf3 Qf5 48. Qg4 Qxg4+ 49. hxg4 Be5 50. Kf3 Bf4 51. Bc3 h5 52. gxh5+ Kxh5 53. Bb4 d2 54. Ke2 Be3 55. Bxd2 Bxd2 0-1